| 000 | 00801nam a22002297a 4500 | ||
|---|---|---|---|
| 003 | BUBTL | ||
| 008 | 231030b ||||| |||| 00| 0 eng d | ||
| 041 | _aeng | ||
| 082 | _a346.0155492/ P4141c/ 2019 | ||
| 100 |
_95553 _aPereira, Faustina |
||
| 245 |
_aCivil Laws Governing Christians in Bangladesh : _bA Proposal for Reform / _cFaustina Pereira |
||
| 250 | _a1st ed. | ||
| 260 |
_aDhaka : _bThe South Asian Institute of Advanced Legal and Human Rights Studies, _cc2019 |
||
| 300 |
_a277 p. : _bills.; _c24 cm. |
||
| 500 | _aIncludes Index | ||
| 505 | _aCivil Laws Governing Christians in Bangladesh, Civil Laws, Christians in Bangladesh, Faustina Pereira | ||
| 526 | _aLaw | ||
| 650 | 0 |
_926 _aLaw |
|
| 856 |
_k0 _l0 _yDownload |
||
| 942 |
_2ddc _cBK |
||
| 999 |
_c7122 _d7122 |
||